<?xml version="1.0" encoding="UTF-8"?><record xmlns="http://www.loc.gov/MARC21/slim" xmlns:zs="http://docs.oasis-open.org/ns/search-ws/sruResponse">
  <leader>01729cz  a2200301n  4500</leader>
  <controlfield tag="001">nr 93040147 </controlfield>
  <controlfield tag="003">DLC</controlfield>
  <controlfield tag="005">20170108053935.0</controlfield>
  <controlfield tag="008">931005n| azannaabn          |b aaa      </controlfield>
  <datafield ind1=" " ind2=" " tag="010">
    <subfield code="a">nr 93040147 </subfield>
  </datafield>
  <datafield ind1=" " ind2=" " tag="035">
    <subfield code="a">(OCoLC)oca03470056</subfield>
  </datafield>
  <datafield ind1=" " ind2=" " tag="040">
    <subfield code="a">DLC-R</subfield>
    <subfield code="b">eng</subfield>
    <subfield code="e">rda</subfield>
    <subfield code="c">DLC-R</subfield>
    <subfield code="d">DLC</subfield>
    <subfield code="d">NjP</subfield>
    <subfield code="d">OCoLC</subfield>
    <subfield code="d">IEN</subfield>
    <subfield code="d">UPB</subfield>
  </datafield>
  <datafield ind1=" " ind2=" " tag="046">
    <subfield code="f">1954</subfield>
    <subfield code="2">edtf</subfield>
  </datafield>
  <datafield ind1=" " ind2="4" tag="053">
    <subfield code="a">PR6062.A67</subfield>
    <subfield code="5">IEN</subfield>
  </datafield>
  <datafield ind1="1" ind2=" " tag="100">
    <subfield code="a">Lappin, Elena</subfield>
  </datafield>
  <datafield ind1=" " ind2=" " tag="370">
    <subfield code="a">Moscow (Russia)</subfield>
    <subfield code="e">London (England)</subfield>
    <subfield code="2">naf</subfield>
  </datafield>
  <datafield ind1=" " ind2=" " tag="374">
    <subfield code="a">Authors</subfield>
    <subfield code="a">Editors</subfield>
    <subfield code="2">lcsh</subfield>
  </datafield>
  <datafield ind1=" " ind2=" " tag="375">
    <subfield code="a">female</subfield>
  </datafield>
  <datafield ind1=" " ind2=" " tag="377">
    <subfield code="a">eng</subfield>
  </datafield>
  <datafield ind1=" " ind2=" " tag="378">
    <subfield code="q">Elena Biller</subfield>
  </datafield>
  <datafield ind1="1" ind2=" " tag="400">
    <subfield code="a">Lapin, Elenah</subfield>
  </datafield>
  <datafield ind1="1" ind2=" " tag="400">
    <subfield code="a">לפין, אלנה. פז, עידית</subfield>
  </datafield>
  <datafield ind1=" " ind2=" " tag="667">
    <subfield code="a">Machine-derived non-Latin script reference project.</subfield>
  </datafield>
  <datafield ind1=" " ind2=" " tag="667">
    <subfield code="a">Non-Latin script reference not evaluated.</subfield>
  </datafield>
  <datafield ind1=" " ind2=" " tag="670">
    <subfield code="a">Jewish voices, German words, c1994:</subfield>
    <subfield code="b">CIP t.p. (Elena Lappin) galley (b. in Soviet Union; grew up in Prague; lived in Hamburg, Tel Aviv, Canada, and the U.S.; currently living in London) data sheet (b. 1954)</subfield>
  </datafield>
  <datafield ind1=" " ind2=" " tag="670">
    <subfield code="a">Daylight in nightclub inferno, 1997:</subfield>
    <subfield code="b">CIP t.p. (Elena Lappin) data sheet (Lappin, Elena Biller)</subfield>
  </datafield>
  <datafield ind1=" " ind2=" " tag="670">
    <subfield code="a">Kalot nokhriyot, c2001:</subfield>
    <subfield code="b">t.p. (Elenah Lapin) t.p. verso (Elena Lappin [in rom.]) cover p. 4 (b. 1954 in Moscow; lives in London)</subfield>
  </datafield>
  <datafield ind1=" " ind2=" " tag="670">
    <subfield code="a">What language do i dream in?, 2016:</subfield>
    <subfield code="b">title page (Elena Lappin) page 3 of jacket (Elena Lappin is a writer and editor; born in Moscow, she grew up in Prague and Hamburg, and has lived in Israel, Canada, the United States and--longer than anywhere else--in London; she is the author of Foreign Brides and The Nose, and as contributed to numerous publications, including Granta, Prospect, the Guardian and the New York Times Book Review; she is the editor of ONE, an imprint of Pushkin Press)</subfield>
  </datafield>
</record>
